| 000 | 00470nam a22001697a 4500 | ||
|---|---|---|---|
| 003 | CEME | ||
| 005 | 20210628210511.0 | ||
| 008 | 210208b xxu||||| |||| 00| 0 eng d | ||
| 040 | _c. | ||
| 082 | _a621.3192 MAT | ||
| 100 |
_aMatick, Richard.E _979639 |
||
| 245 | _aTransmission lines for digital and communication networks | ||
| 260 |
_aNEW YORK _bMCGRAW HILL _c1969 |
||
| 300 | _a360P | ||
| 650 |
_aDIGITAL COMMUNICATION NETWORKS NETWORKS _979640 |
||
| 942 |
_cBK _2ddc |
||
| 999 |
_c584660 _d584660 |
||